Lie groups A problems oriwented introduction via matrix groups/ (Record no. 189362)
[ view plain ]
| 000 -LEADER | |
|---|---|
| fixed length control field | 00689nam a22001937a 4500 |
| 005 - DATE AND TIME OF LATEST TRANSACTION | |
| control field | 20220624122102.0 |
| 010 ## - LCCN (DPL NO) | |
| LC control number | ENG-133369 |
| 020 ## - INTERNATIONAL STANDARD BOOK NUMBER | |
| International Standard Book Number | 9789393330185 |
| Terms of availability | 350.00 |
| 035 ## - SYSTEM CONTROL NUMBER | |
| System control number | EN-116901 |
| 037 ## - SOURCE OF ACQUISITION | |
| Source of stock number/acquisition | DBAD/PUB |
| 082 ## - DEWEY DECIMAL CLASSIFICATION NUMBER | |
| Classification number | 512.482 |
| 100 ## - MAIN ENTRY--PERSONAL NAME | |
| Personal name | Pollatsek, Harriet |
| 245 ## - TITLE STATEMENT | |
| Title | Lie groups A problems oriwented introduction via matrix groups/ |
| Statement of responsibility, etc | Harriet pollatsek |
| 260 ## - PUBLICATION, DISTRIBUTION, ETC. (IMPRINT) | |
| Place of publication, distribution, etc | Hyderabad |
| Name of publisher, distributor, etc | Universities press (India) Private Limited |
| 270 ## - ADDRESS | |
| City | Hyderabad |
| Address | 3-6-747/1/A &3- 6- 754/ 1Himayatnagar , Telangana , India |
| Postal code | 500029 |
| Electronic mail address | info@universitiespress.com; |
| 300 ## - PHYSICAL DESCRIPTION | |
| Extent | 173,p |
| Dimensions | 24cm(pbk) |
| Other physical details | Index |
| 700 ## - ADDED ENTRY--PERSONAL NAME | |
| Personal name | Pollatsek , Harriet |
| 942 ## - ADDED ENTRY ELEMENTS (KOHA) | |
| Source of classification or shelving scheme | Dewey Decimal Classification |
| Item type | English Books |
| Classification part | 512.482 |
| Call number suffix | POL |
No items available.
